<?xml version="1.0" encoding="UTF-8"?>
<record
    xmlns:xsi="http://www.w3.org/2001/XMLSchema-instance"
    xsi:schemaLocation="http://www.loc.gov/MARC21/slim http://www.loc.gov/standards/marcxml/schema/MARC21slim.xsd"
    xmlns="http://www.loc.gov/MARC21/slim">

  <leader>00743nam a22001817a 4500</leader>
  <controlfield tag="005">20240419154032.0</controlfield>
  <datafield tag="010" ind1=" " ind2=" ">
    <subfield code="a">HIN-127362</subfield>
  </datafield>
  <datafield tag="020" ind1=" " ind2=" ">
    <subfield code="a">9788194931126</subfield>
    <subfield code="c">595.00</subfield>
  </datafield>
  <datafield tag="035" ind1=" " ind2=" ">
    <subfield code="a">HN-99708</subfield>
  </datafield>
  <datafield tag="037" ind1=" " ind2=" ">
    <subfield code="b">DBAD</subfield>
  </datafield>
  <datafield tag="082" ind1=" " ind2=" ">
    <subfield code="a">&#x915;</subfield>
  </datafield>
  <datafield tag="100" ind1=" " ind2=" ">
    <subfield code="a">&#x91A;&#x902;&#x926;&#x94D;&#x930;, &#x91C;&#x917;&#x926;&#x940;&#x936;</subfield>
    <subfield code="9">64969</subfield>
  </datafield>
  <datafield tag="245" ind1=" " ind2=" ">
    <subfield code="a">&#x92C;&#x941;&#x922;&#x93C;&#x93E;&#x92A;&#x93E; &#x909;&#x92A;&#x947;&#x915;&#x94D;&#x937;&#x93F;&#x924; &#x928;&#x939;&#x940;&#x902;, &#x905;&#x92A;&#x947;&#x915;&#x94D;&#x937;&#x93F;&#x924;/</subfield>
    <subfield code="c">&#x91C;&#x917;&#x926;&#x940;&#x936; &#x91A;&#x902;&#x926;&#x94D;&#x930;</subfield>
  </datafield>
  <datafield tag="260" ind1=" " ind2=" ">
    <subfield code="a">&#x928;&#x908; &#x926;&#x93F;&#x932;&#x94D;&#x932;&#x940;</subfield>
    <subfield code="b">&#x915;&#x93F;&#x924;&#x93E;&#x92C;&#x935;&#x93E;&#x932;&#x93E;</subfield>
    <subfield code="c">2022</subfield>
  </datafield>
  <datafield tag="270" ind1=" " ind2=" ">
    <subfield code="a">2356, &#x939;&#x921;&#x938;&#x928; &#x932;&#x93E;&#x908;&#x928;, &#x917;&#x941;&#x930;&#x941; &#x924;&#x947;&#x917; &#x92C;&#x939;&#x93E;&#x926;&#x941;&#x930; &#x928;&#x917;&#x930;</subfield>
    <subfield code="b">&#x928;&#x908; &#x926;&#x93F;&#x932;&#x94D;&#x932;&#x940;</subfield>
    <subfield code="e">110009</subfield>
  </datafield>
  <datafield tag="300" ind1=" " ind2=" ">
    <subfield code="a">173&#x92A;&#x943;;  </subfield>
    <subfield code="c">23 &#x938;&#x947;&#x92E;&#x940; (&#x938;&#x91C;&#x93F;&#x932;&#x94D;&#x926;)</subfield>
  </datafield>
  <datafield tag="942" ind1=" " ind2=" ">
    <subfield code="c">HN</subfield>
    <subfield code="2">ddc</subfield>
    <subfield code="h">&#x915;</subfield>
    <subfield code="m">&#x91A;&#x902;&#x926;&#x94D;&#x930;&#x91C;</subfield>
  </datafield>
  <datafield tag="999" ind1=" " ind2=" ">
    <subfield code="c">202189</subfield>
    <subfield code="d">202189</subfield>
  </datafield>
  <datafield tag="952" ind1=" " ind2=" ">
    <subfield code="0">0</subfield>
    <subfield code="1">0</subfield>
    <subfield code="4">0</subfield>
    <subfield code="7">0</subfield>
    <subfield code="8">FIC</subfield>
    <subfield code="a">BN</subfield>
    <subfield code="b">BN</subfield>
    <subfield code="d">2024-04-15</subfield>
    <subfield code="e">DBAD</subfield>
    <subfield code="g">595.00</subfield>
    <subfield code="l">0</subfield>
    <subfield code="o">&#x915; &#x91A;&#x902;&#x926;&#x94D;&#x930;</subfield>
    <subfield code="p">HN-99708</subfield>
    <subfield code="r">2024-04-15 00:00:00</subfield>
    <subfield code="t">1</subfield>
    <subfield code="v">595.00</subfield>
    <subfield code="w">2024-04-15</subfield>
    <subfield code="y">HN</subfield>
  </datafield>
</record>
